Statistics for European historical figures

Click here to take the quiz!

General Stats

  • This quiz has been taken 82 times
  • The average score is 9 of 15

Answer Stats

Answer% Correct
Winston Churchill
99%
Albert Einstein
96%
Napoleon Bonaparte
95%
Vladimir Lenin
83%
Ludwig van Beethoven
80%
Vincent van Gogh
80%
Julius Caesar
76%
Charles Darwin
73%
Marie Antoinette
72%
William Shakespeare
56%
Martin Luther
41%
Otto von Bismarck
25%
Galileo Galilei
15%
Christopher Columbus
13%
Peter I
3%

Score Distribution

Percentile by Number Answered

Percent of People with Each Score

Your Score History

You have not taken this quiz